000
00337nam a2200157Ia 4500
001
3628
003
IN-NITTTR
005
20251114232949.0
008
251113s9999||||xx |||||||||||||| ||eng||
040
_b
eng
040
_c
IN-NITTTR
041
_a
eng
082
_a
621.7 B173M
245
0
_a
Modern workshop technology /
942
_2
ddc
_c
BK
999
_c
5957
_d
5957